000 00646nam a2200217 u 4500
005 20210223132723.0
008 150911s2008 r 000 0 eng d
020 _a9788444141565
035 _aUPN01000205784
049 _aI
050 4 _aGB662.3
_bB3.2
100 1 _aBailey, Gerry,
_d1945-
_937358
245 1 0 _aAgua /
_cGerry Bailey, Steve Way ; il. Steve Boulter ; tr. Alberto Jiménez Rioja.
260 _aLeón, Esp. :
_bEverest,
_c2008.
300 _a32 p. :
_bil. col.
440 0 _aSimplemente Ciencia
650 4 _aAGUA -
_vLITERATURA INFANTIL
_922057
700 1 _aWay, Ateve,
_ecoaut.
905 _aInfantil
999 _c177885
_d177885